Insights of outstanding farmers (Record no. 13145)

000 -LEADER
fixed length control field 00472cam a2200169Ia 4500
020 ## - INTERNATIONAL STANDARD BOOK NUMBER
ISBN 971104143X
040 ## - CATALOGING SOURCE
Transcribing agency B
082 ## - DEWEY DECIMAL CLASSIFICATION NUMBER
Classification number 630 INT 1985 A045 Or.
245 00 - TITLE STATEMENT
Title Insights of outstanding farmers
260 ## - PUBLICATION, DISTRIBUTION, ETC. (IMPRINT)
Place of publication Manila, Philippines :
Name of publisher International Rice Research Institute,
Year of publication 1985
300 ## - PHYSICAL DESCRIPTION
Number of Pages vii, 114 p. :
Other physical details ill., maps ;
Dimensions 23 cm
650 #0 - SUBJECT ADDED ENTRY--TOPICAL TERM
Topical Term Rice farmers
650 #0 - SUBJECT ADDED ENTRY--TOPICAL TERM
Topical Term Rice
650 #0 - SUBJECT ADDED ENTRY--TOPICAL TERM
Topical Term Agriculture
710 2# - ADDED ENTRY--CORPORATE NAME
Corporate name or jurisdiction name as entry element International Rice Research Institute
942 ## - ADDED ENTRY ELEMENTS (KOHA)
Koha item type សៀវភៅភាសាអង់គ្លេស
952 ## - LOCATION AND ITEM INFORMATION (KOHA)
Withdrawn status [LOCAL, KOHA] 0
Holdings
Permanent Location Date acquired Koha item type Lost status Shelving location Barcode Current Location Full call number
Library Block A2017-08-20សៀវភៅភាសាអង់គ្លេស A045A17927Library Block A630 INT 1985 A045 Or.
មជ្ឈមណ្ឌលឯការនៃសាកលវិទ្យាល័យភូមិន្ទកសិកម្មចំការដូង

Powered by Koha